000 00597nam a2200181Ia 4500
008 220204s9999 xx 000 0 und d
082 _aNR:33
_bINT.1
245 0 _aInternational rubber forum: 32nd Assembly , Ottawa, Canada. September 1990. V 1. Developments in the NR sector
260 _aLondon
_bIRSG
_c1990
650 _aAfrican rubber industry
650 _aBrazilian rubber industry
650 _aIndonesian Rubber industry
650 _aNigerian rubber industry
650 _aSpeciality NR
650 _aSriLankan rubber industry
650 _aThailand rubber industry
942 _cBK
999 _c40316
_d40316